000 00578nam a2200205Ia 4500
003 IT-RoPAU
005 20220918175744.0
008 120407s9999 xx 000 0 und d
040 _aIT-RoPAU
_cIT-RoPAU
040 _cIT-RoPAU
041 _aita
100 _aAlberione Giacomo
_qPrimo Maestro SSP
_931
245 _aEsercizi alle Maestre.
_bOttobre 1941
_c(Riservato)
250 _a1° ed.
260 _aRoma
_bPia Società Figlie di San Paolo
_c1941
300 _a203 p.
_c16 cm
500 _aRaccolta di prediche del Sig. Primo Maestro
942 _cBK
_2ddc
999 _c28478
_d28478